International journal of university teaching and faculty development

Bibliographic Details
Format: Electronic Journal
Language:English
Published: Hauppauge, N.Y. : Nova Science Pub.
Subjects:
Online Access:Full text available from Research Library: 01/01/2011 to 10/31/2014

MARC

LEADER 00000nas a2200000 a 4500
001 ssj0001454279
003 WaSeSS
005 20200512172242.0
006 m d
007 cr n
008 090716c20109999nyuqr p s | a0eng
010 |a  2009200353 
022 |y 1949-4947 
035 |a (WaSeSS)ssj0001454279 
037 |b Nova Science Publishers, Inc., 400 Oser Ave., Ste. 1600, Hauppauge, NY 11788-3619  |c $55.00 (single issue)  |c $195.00 (1 yr.) 
040 |a DLC  |c DLC  |d DLC  |d WaSeSS 
042 |a pcc  |a nsdp 
050 0 0 |a LB2331  |b .I626 
082 1 0 |a 378  |2 14 
222 0 |a International journal of university teaching and faculty development 
245 0 0 |a International journal of university teaching and faculty development  |h [electronic resource]. 
260 |a Hauppauge, N.Y. :  |b Nova Science Pub. 
310 |a Quarterly 
362 1 |a Began with vol. 1, issue 1 (2010). 
506 |a License restrictions may limit access. 
588 |a Description based on: Vol. 1, issue 1 (2010); title from cover. 
588 |a Latest issue consulted: Vol. 1, issue 1 (2010). 
650 0 |a College teaching  |z United States. 
650 0 |a Universities and colleges  |x Faculty  |v Periodicals. 
650 0 |a Universities and colleges  |x Curricula  |x Planning  |v Periodicals. 
655 0 |a Electronic journals. 
850 |a DLC 
856 4 0 |z Full text available from Research Library: 01/01/2011 to 10/31/2014  |u https://search.proquest.com/publication/2034856